Most Auraful U.S. States - Statistics

General Stats
  • This quiz has been taken 22 times
  • The average score is 5 of 10
Answer Stats
Hint Answer % Correct
10 California
84%
2 NewYork
84%
9 Texas
79%
1 Alaska
47%
4 Colorado
47%
5 Arizona
42%
6 Hawaii
37%
3 Minnesota
32%
8 Maine
26%
7 Montana
21%
No matching quizzes found
Score Distribution
Percent of People with Each Score
Percentile by Number Answered
Your Score History
You have not taken this quiz